Les 100 plus grandes villes des États-Unis sur une carte - Statistiques

Statistiques générales
  • Ce quiz a été pris 6 834 fois
  • Le résultat moyen est 38 sur 100
Réponses sur la Carte
Les réponses sont colorées sur une échelle allant du rouge au vert en fonction du pourcentage des utilisateurs qui les ont devinées à leur premier essai. Vous pouvez retrouver ces pourcentages ci-dessous.
 
Statistiques - réponses
Population Ville % Correct
8,258,035 New York
99%
3,820,914 Los Angeles
98%
455,924 Miami
96%
2,664,452 Chicago
95%
678,972 Washington, D.C.
91%
653,833 Boston
90%
808,988 San Francisco
90%
660,929 Las Vegas
88%
755,078 Seattle
88%
1,302,868 Dallas
86%
2,314,157 Houston
86%
1,550,542 Philadelphie
81%
633,218 Detroit
80%
510,823 Atlanta
79%
716,577 Denver
79%
364,136 New Orleans
77%
1,650,070 Phoenix
76%
1,388,320 San Diego
75%
1,495,295 San Antonio
68%
979,882 Austin
67%
879,293 Indianapolis
67%
911,311 Charlotte
66%
320,742 Orlando
66%
630,498 Portland
66%
341,778 Honolulu
64%
425,115 Minneapolis
62%
702,767 Oklahoma City
62%
526,384 Sacramento
61%
985,843 Jacksonville
59%
618,639 Memphis
58%
510,704 Kansas City
57%
687,788 Nashville
53%
561,385 Milwaukee
52%
969,655 San Jose
51%
281,754 St. Louis
50%
565,239 Baltimore
49%
560,274 Albuquerque
47%
362,656 Cleveland
46%
403,364 Tampa
46%
286,075 Anchorage
45%
678,958 El Paso
45%
622,981 Louisville
42%
913,175 Columbus
41%
978,468 Fort Worth
37%
311,097 Cincinnati
36%
303,255 Pittsburgh
34%
274,678 Buffalo
32%
482,295 Raleigh
30%
436,504 Oakland
29%
547,239 Tucson
28%
235,421 Boise
27%
229,247 Richmond
26%
303,820 St. Paul
26%
488,664 Colorado Springs
25%
304,960 Newark
23%
483,335 Omaha
23%
274,915 Reno
23%
411,894 Tulsa
23%
545,716 Fresno
22%
453,649 Virginia Beach
21%
449,468 Long Beach
20%
294,757 Lincoln
18%
280,305 Madison
18%
316,595 Corpus Christi
17%
291,657 Jersey City
17%
340,512 Anaheim
16%
396,119 Wichita
16%
263,553 St. Petersburg
15%
230,930 Norfolk
14%
413,381 Bakersfield
13%
284,771 North Las Vegas
13%
395,052 Aurora
12%
302,296 Greensboro
12%
511,648 Mesa
12%
310,539 Santa Ana
12%
229,447 Spokane
12%
265,304 Toledo
12%
398,431 Arlington
11%
269,994 Fort Wayne
11%
319,543 Stockton
11%
320,154 Lexington
10%
318,858 Riverside
10%
296,186 Durham
9%
314,621 Irvine
9%
253,855 Glendale
8%
337,305 Henderson
8%
257,602 Laredo
8%
266,878 Lubbock
8%
225,564 Huntsville
7%
254,373 Irving
7%
244,394 Scottsdale
7%
252,975 Winston-Salem
7%
280,167 Chandler
6%
253,886 Chesapeake
6%
274,333 Chula Vista
6%
226,208 Fremont
6%
275,411 Gilbert
6%
290,190 Plano
6%
245,021 Port St. Lucie
6%
243,470 Garland
5%
Aucun quiz correspondant
Distribution des résultats
% des personnes avec chaque résultat
Percentile par nombre de réponses
Votre historique - résultats
Vous n’avez pas pris ce quiz